000 00991nam a2200289 c 4500
003 BLK
005 20180421000305.0
008 180411b bul|||||r ||||||| ||bul||
010 _aKNG00193699000
040 _aBLK
041 _aBUL
_cBUL
080 _aБългарска литература
_b821.163.2
_x-32
_z821.163.2-32
100 1 _aЕрулски, Иван
_eпърви автор
_gГюров, Иван Тасов
_967568
139 _aЕрулски, Иван
_bЕ 84
245 1 0 _aСтрах от края на деня
_bРазкази
_cИван Ерулски.
257 _aBGR
260 София
_bНар. младеж
_c1990
_fПерник : В. Андреев
300 _a141 с.
_c17 см
380 _aX
490 1 _aБиблиотека Смяна
500 _a1 280 тир.
852 _aЦб І 24783
856 4 _qpdf
_u
856 4 _qpdf
_u
942 _cKNG
_n0
944 _aCR
_c18.10.2016
_kКина_Георгиева
944 _aED
_c18.10.2016
_kКина_Георгиева
999 _c184733
_d184733